Tom Hanks - Sudden Death - Statistics

General Stats
  • This quiz has been taken 739 times
  • The average score is 12 of 19
Answers on the Grid
Answers color-coded by a green-red scale on the quiz's grid according to % correct below.
The Terminal
Splash
Rain Man
The Intern
Cast Away
You’ve Got Mail
Turner and Hooch
Bachelor Party
JFK
Philadelphia
A Time to Kill
A League of Their Own
The Green Mile
Saving Private Ryan
Joe vs the Volcano
Regarding Henry
Charlie’s War
Thirteen Days
Marley and Me
Forrest Gump
The Shawshank Redemption
The Post
Apollo Thirteen
What Lies Beneath
Captain Phillips
Space Cowboys
Catch Me If You Can
Idiocracy
Sleepless in Seattle
The Money Pit
 
Answer Stats
Answer % Correct
Cast Away
85%
Forrest Gump
84%
The Terminal
84%
Saving Private Ryan
81%
The Green Mile
80%
Philadelphia
72%
Catch Me If You Can
71%
You’ve Got Mail
71%
Captain Phillips
70%
Sleepless in Seattle
63%
Apollo Thirteen
62%
Turner and Hooch
60%
Splash
54%
A League of Their Own
52%
Joe vs the Volcano
43%
Charlie’s War
38%
The Money Pit
33%
The Post
33%
Bachelor Party
30%
No matching quizzes found
Score Distribution
Percent of People with Each Score
Percentile by Number Answered
Your Score History
You have not taken this quiz